Bāṃlā sāhitye Musalima sādhanā. (Record no. 62934)

MARC details
000 -LEADER
fixed length control field 00586cam a22002291 4500
001 - CONTROL NUMBER
control field sa 65003034
003 - CONTROL NUMBER IDENTIFIER
control field DLC
005 - DATE AND TIME OF LATEST TRANSACTION
control field 20260227112120.0
008 - FIXED-LENGTH DATA ELEMENTS--GENERAL INFORMATION
fixed length control field 950308m19641965bg 000 0 beno
010 ## - LIBRARY OF CONGRESS CONTROL NUMBER
LC control number sa 65003034
025 ## - OVERSEAS ACQUISITION NUMBER
Overseas acquisition number PL480:EP-B-738
035 ## - SYSTEM CONTROL NUMBER
System control number (OCoLC)32110951
040 ## - CATALOGING SOURCE
Original cataloging agency DLC
Transcribing agency CU
Modifying agency CU
-- DLC
042 ## - AUTHENTICATION CODE
Authentication code premarc
050 00 - LIBRARY OF CONGRESS CALL NUMBER
Classification number PK1704
Item number .M3
100 1# - MAIN ENTRY--PERSONAL NAME
Personal name Manasurauddīna, Muhammada,
Dates associated with a name 1904-1987.
245 10 - TITLE STATEMENT
Title Bāṃlā sāhitye Musalima sādhanā.
260 ## - PUBLICATION, DISTRIBUTION, ETC.
Date of publication, distribution, etc. [1964-65]
300 ## - PHYSICAL DESCRIPTION
Extent 2 v.
Dimensions 19-22 cm.
500 ## - GENERAL NOTE
General note In Bengali.
650 #0 - SUBJECT ADDED ENTRY--TOPICAL TERM
Topical term or geographic name entry element Authors, Bengali.

No items available.

Powered by Koha